000 00458nam a2200157Ia 4500
008 210210b2006 xxu||||| |||| 00| 0 eng d
020 _a81 7993 085 8
082 _a333.7938 BHOB
100 _aBHOJVAID (P P). Ed.
245 _aBiofuels: towards a greener and secure energy future.
260 _aNew Delhi
_bTeri the Energy and Resources Institute
_c2006
300 _ax,281
650 _aBiofuels Energy Jatropha
690 _aEnergy
906 _a061614
999 _c108444
_d108444